Global monitoring report 2012: food prices, nutrition, and the millennium development goals (Record no. 75947)

MARC details
000 -LEADER
fixed length control field 01508nam a2200229 a 4500
008 - FIXED-LENGTH DATA ELEMENTS--GENERAL INFORMATION
fixed length control field 151013s2012 ||||||||||||||||| || u
020 ## - INTERNATIONAL STANDARD BOOK NUMBER
International Standard Book Number 9780821394519
050 ## - LIBRARY OF CONGRESS CALL NUMBER
Classification number HD 1447 Glo
110 ## - MAIN ENTRY--CORPORATE NAME
Corporate name or jurisdiction name as entry element World Bank
245 10 - TITLE STATEMENT
Title Global monitoring report 2012: food prices, nutrition, and the millennium development goals
Statement of responsibility, etc. By The World Bank
260 ## - PUBLICATION, DISTRIBUTION, ETC.
Place of publication, distribution, etc. Washington D.C
Name of publisher, distributor, etc. The International Bank for Reconstruction
Date of publication, distribution, etc. 2012
300 ## - PHYSICAL DESCRIPTION
Extent xv, 169p.: ill.
350 ## -
-- 29.95
650 ## - SUBJECT ADDED ENTRY--TOPICAL TERM
Topical term or geographic name entry element FOOD PRICES -- DEVELOPING COUNTRIES
650 ## - SUBJECT ADDED ENTRY--TOPICAL TERM
Topical term or geographic name entry element FOOD SECURITY--DEVELOPING COUNTRIES
650 ## - SUBJECT ADDED ENTRY--TOPICAL TERM
Topical term or geographic name entry element FOOD PRICES -- GOVERNMENT POLICY -- DEVELOPING COUNTRIES
995 ## -
-- MEDICAL LIBRARY OPEN ACCESS
-- 903273
-- CBU-SCHOOL OF MEDICINE LIBRARY (Ndola)
-- 29.95
-- HD 1447 Glo
-- 1
-- AVAILABLE
-- Jan 21, 2016
-- 903273
-- Medical Library Open Access Collection
995 ## -
-- SPECIAL COLLECTIONS
-- 903274
-- CBU-MAIN LIBRARY (Kitwe)
-- 29.95
-- IBRD(02)2012/1B
-- 3
-- AVAILABLE
-- Jan 25, 2016
-- B2118
-- International Publications
995 ## -
-- SPECIAL COLLECTIONS
-- 903275
-- CBU-MAIN LIBRARY (Kitwe)
-- 29.95
-- IBRD(02)2012/1A
-- 2
-- AVAILABLE
-- Jan 25, 2016
-- B2117
-- International Publications
995 ## -
-- MEDICAL LIBRARY OPEN ACCESS
-- 903606
-- CBU-SCHOOL OF MEDICINE LIBRARY (Ndola)
-- 29.95
-- HD 1447 Glo
-- 4
-- AVAILABLE
-- Feb 17, 2016
-- 903606
-- Medical Library Open Access Collection
995 ## -
-- MEDICAL LIBRARY OPEN ACCESS
-- 903591
-- CBU-SCHOOL OF MEDICINE LIBRARY (Ndola)
-- 29.95
-- HD 1447 Glo
-- 5
-- AVAILABLE
-- Mar 2, 2016
-- 903591
-- Medical Library Open Access Collection
999 ## -
-- 75947
-- 75947

No items available.